Diálogo ascético
Uloženo v:
| Hlavní autor: | |
|---|---|
| Médium: | Kniha |
| Jazyk: | španělština |
| Vydáno: |
Madrid
Ciudad Nueva
1997
|
| Edice: | Biblioteca de Patrística; 37
|
| Témata: | |
| Tagy: |
Přidat tag
Žádné tagy, Buďte první, kdo vytvoří štítek k tomuto záznamu!
|
MARC
| LEADER | 00000nam a2200000 a 4500 | ||
|---|---|---|---|
| 001 | UCR8998 | ||
| 003 | CL-VaPUC | ||
| 008 | 980605e19970000SP |||||||||||||||||spa|d | ||
| 082 | 0 | 4 | |a 281 |b MAX |2 21 |
| 100 | |a Máximo el Confesor |e autor |9 411103 | ||
| 245 | 1 | 0 | |a Diálogo ascético |
| 246 | 1 | 0 | |a Centurias sobre la caridad |
| 246 | 1 | 0 | |a Interpretación del Padre Nuestro |
| 300 | |a 248 p | ||
| 942 | |c BK | ||
| 945 | |d 19980605 00:00:00 |a aalvarez | ||
| 260 | |a Madrid |b Ciudad Nueva |c 1997 | ||
| 650 | 0 | |a Patrística |9 322007 | |
| 650 | 0 | |a Patrología |9 349346 | |
| 650 | 0 | |a Padres de la Iglesia |9 313352 | |
| 650 | 0 | |a Espiritualidad |9 267331 | |
| 583 | |a last modification |c 19980605 00:00:00 |k Rodrigo Vera | ||
| 490 | 0 | |a Biblioteca de Patrística; 37 | |
| 999 | |c 270248 |d 270246 | ||
| 952 | |0 0 |1 0 |4 0 |6 281_000000000000000_MAX_1997 |7 0 |8 A |9 304413 |a BIBTEO |b BIBTEO |d 2019-11-20 |i 3421120 |l 1 |o 281 MAX 1997 |p 3421120 |r 2024-11-19 |s 2024-11-05 |w 2019-11-20 |y BK |k ICR | ||